000 00721nam a2200229Ia 4500
003 GCL
008 140319s9999 xx 000 0 ara d
040 _aGCL /
_cGCL
082 0 4 _a330.12
_bهـ ر
100 1 _aكمال السيد
245 1 0 _aرأسمالية القرن 21 /
_cكمال السيد
700 1 _aهيلبرونر, روبرت
260 _aالقاهرة :
_bمركز الاهرام للترجمة والنشر ،
_c1995
300 _a136 ص ؛
_c19 سم
490 _a
650 0 4 _aالاسواق
650 0 4 _aالمذاهب الاقتصادية
650 0 4 _aراس المال
650 0 4 _aالراسمالية
650 0 4 _aالقرن الحادى والعشرين
942 _2ddc
_cBK
999 _c47700
_d47700